[Event "Karl Mala Memorial op 14th"]
[Site "Frankfurt"]
[Date "2011.07.09"]
[Round "5"]
[White "Storch, Dominik"]
[Black "Reitz, Thomas"]
[Result "1-0"]
[WhiteElo "1883"]
[BlackElo "1570"]
[PlyCount "47"]
[EventDate "2011.07.07"]
[EventType "swiss"]
[EventRounds "7"]
[EventCountry "GER"]
[SourceTitle "EXT 2012"]
[Source "ChessBase"]
[SourceDate "2011.11.24"]
[SourceVersion "1"]
[SourceVersionDate "2011.11.24"]
[SourceQuality "1"]

1. f4 e5 2. e4 exf4 3. Bc4 Qh4+ 4. Kf1 d6 5. Nc3 c6 6. d4 Nf6 7. Nf3 Qg4 8. e5 Nh5 9. exd6 Bxd6 10. Qe2+ Kf8 11. Ne4 Be7 12. Bxf7 g6 13. Bc4 Qf5 14. b3 b5 15. Bd3 Qe6 16. Bb2 Rg8 17. c4 Ba6 18. Rd1 bxc4 19. bxc4 Bf6 20. Qc2 Nd7 21. Kf2 Kg7 22. Rhe1 Qf7 23. Neg5 Bxg5 24. Nxg5 1-0

[Event "Karl Mala Memorial op 14th"]
[Site "Frankfurt"]
[Date "2011.07.08"]
[Round "3"]
[White "Peschk, Kathrin"]
[Black "Reitz, Thomas"]
[Result "0-1"]
[WhiteElo "950"]
[BlackElo "1570"]
[PlyCount "64"]
[EventDate "2011.07.07"]
[EventType "swiss"]
[EventRounds "7"]
[EventCountry "GER"]
[SourceTitle "EXT 2012"]
[Source "ChessBase"]
[SourceDate "2011.11.24"]
[SourceVersion "1"]
[SourceVersionDate "2011.11.24"]
[SourceQuality "1"]

1. e4 e5 2. Nf3 Nc6 3. Bc4 h6 4. Nc3 Nf6 5. d3 a6 6. Be3 d6 7. 0-0 Bg4 8. h3 Bh5 9. Nd5 g5 10. d4 Nxe4 11. dxe5 Nxe5 12. Be2 Bg6 13. Bd4 Bg7 14. Nxe5 dxe5 15. Bc3 0-0 16. Bb4 c5 17. Ba3 b5 18. b4 c4 19. Bb2 Rc8 20. Bf3 c3 21. Nxc3 Nxc3 22. Qxd8 Rfxd8 23. Bb7 Ne2+ 24. Kh2 Rxc2 25. Rab1 Rdd2 26. Bc1 Rd6 27. Be3 Rxa2 28. Rbd1 Nd4 29. Bf3 e4 30. Bxe4 Bxe4 31. Rfe1 Be5+ 32. g3 Nf3+ 0-1

[Event "Karl Mala Memorial op 14th"]
[Site "Frankfurt"]
[Date "2011.07.08"]
[Round "2"]
[White "Reitz, Thomas"]
[Black "Fieberg, Christoph"]
[Result "0-1"]
[WhiteElo "1570"]
[BlackElo "1878"]
[PlyCount "108"]
[EventDate "2011.07.07"]
[EventType "swiss"]
[EventRounds "7"]
[EventCountry "GER"]
[SourceTitle "EXT 2012"]
[Source "ChessBase"]
[SourceDate "2011.11.24"]
[SourceVersion "1"]
[SourceVersionDate "2011.11.24"]
[SourceQuality "1"]

1. e4 c5 2. Nf3 d6 3. d4 cxd4 4. c3 Nf6 5. Bd3 dxc3 6. Nxc3 e5 7. 0-0 Be7 8. h3 0-0 9. Be3 Nc6 10. Nd5 Be6 11. Bc2 Ne8 12. Qd2 Qd7 13. Kh2 f5 14. exf5 Bxf5 15. Bb3 Be6 16. Ba4 Nf6 17. Nxe7+ Qxe7 18. Rac1 Rac8 19. Ng5 Bd5 20. f3 h6 21. Ne4 Qe6 22. Nc3 Bc4 23. Rfd1 d5 24. Bc5 Rfd8 25. b3 Ba6 26. Qf2 d4 27. Ne4 b5 28. Qe2 d3 29. Rxd3 bxa4 30. Rxd8+ Nxd8 31. Qb2 Nxe4 32. fxe4 axb3 33. axb3 Bd3 34. Qf2 Nb7 35. b4 a5 36. Qe3 Ba6 37. Qa3 axb4 38. Qxb4 Nxc5 39. Rxc5 Rxc5 40. Qxc5 Bd3 41. Qb4 Qc4 42. Qb8+ Kh7 43. Qxe5 Qxe4 44. Qb2 Bf1 45. Qf2 Qxg2+ 46. Qxg2 Bxg2 47. Kxg2 Kg6 48. Kg3 Kg5 49. Kg2 Kf4 50. Kf2 g5 51. Kg2 h5 52. Kf2 h4 53. Kg2 Ke3 54. Kg1 Kf3 0-1